Sociology (Record no. 28655)
[ view plain ]
| 000 -LEADER | |
|---|---|
| fixed length control field | 00304nam a2200133Ia 4500 |
| 082 ## - DEWEY DECIMAL CLASSIFICATION NUMBER | |
| Classification number | 301 |
| Item number | HUN |
| 100 ## - MAIN ENTRY--AUTHOR NAME | |
| Personal name | Horton, Paul B |
| 245 #0 - TITLE STATEMENT | |
| Title | Sociology |
| 250 ## - EDITION STATEMENT | |
| Edition statement | Ed.3 |
| 260 ## - PUBLICATION, DISTRIBUTION, ETC. (IMPRINT) | |
| Place of publication | Tokyo |
| Name of publisher | McGraw Hill |
| Year of publication | 1972 |
| 700 ## - ADDED ENTRY--PERSONAL NAME | |
| Personal name | Hunt, Chester L |
| 942 ## - ADDED ENTRY ELEMENTS (KOHA) | |
| Koha item type | Books |
| Withdrawn status | Lost status | Damaged status | Not for loan | Home library | Current library | Date acquired | Full call number | Accession Number | Koha item type |
|---|---|---|---|---|---|---|---|---|---|
| RRII Library | RRII Library | 16/12/2021 | 301 HUN | 09250 | Books |